000
002360000a22000970004500
100
1
_a
Vega, Liberato J.
245
1
0
_a
Profecía Kafkiana
300
_a
Vol. 3, Núm 13 (1991), Páginas 9-10
773
0
_t
Impacto Presbiteriano
942
_c
ANA
999
_c
50959
_d
50959